| 000 | 00706nam a2200229Ia 4500 | ||
|---|---|---|---|
| 001 | 19042 | ||
| 003 | GE_BSU | ||
| 008 | 181216s||||||||xx |||||||||||||| ||und|| | ||
| 040 | _cGE_BSU | ||
| 245 | _aПедагогика № 6. 2016. | ||
| 245 | _bНаучн-технич. журнал РА образования | ||
| 245 | _cГл. ред. Р.С.Бозиев | ||
| 260 | _aMосква. | ||
| 260 | _bООО "Педагогика | ||
| 260 | _c2016 | ||
| 300 | _a128ст.24см. | ||
| 653 | _aНаучн-технич. журнал РА образования | ||
| 653 | _aПедагогика № 6. 2016. | ||
| 653 | _aПериодика | ||
| 653 | _aპერიოდიკა | ||
| 942 | _cCR | ||
| 999 |
_c52038 _d52038 |
||